000 00677nam a22002297a 4500
003 CBULib
005 20240827103942.0
008 240827b |||||||| |||| 00| 0 eng d
020 _a9780750619561
040 _bEnglish
_cCBULib
_erda
041 _aeng
050 _aG 155 Lic
100 _93439
_aLickorish, Leonard J
245 _aAn introduction to tourism
_c/ by Leonard J. Lickorish and Carson L. Jenkins
260 _aOxford,
_bButterworth-Heinemann :
_c1997
336 _2rdacontent
_aText |
_btxt
337 _2rdamedia
_aUnmediated |
_bn
338 _2rdacarrier
_aVolume
_bnc
650 0 _93440
_aTOURISM
700 _93441
_aJENKINS, CARSON L
942 _2lcc
_c002
999 _c85211
_d85211